000 00427nam a2200181Ia 4500
005 20240823053656.0
008 240823s9999||||xx |||||||||||||| ||und||
041 _aENGLISH
082 _A420
100 _aSebastian M/
245 0 _aCultivating Communicative Competency in English
250 _a1st
260 _bSeba Publica
500 _aYES
650 _aCompetency English
_bEnglish
942 _cBK
999 _c224694
_d224694